[Event "CZE-chT U18 Extraliga final-B 1516"]
[Site "Czech Republic"]
[Date "2016.04.24"]
[Round "11.4"]
[White "Vavrinkova, Eliska"]
[Black "Vitak, Jiri"]
[Result "1-0"]
[WhiteElo "1739"]
[BlackElo "1782"]
[PlyCount "101"]
[EventDate "2015.10.03"]
[EventType "team-tourn"]
[EventRounds "11"]
[EventCountry "CZE"]
[SourceTitle "EXT 2022"]
[Source "ChessBase"]
[SourceDate "2021.10.06"]
[SourceVersion "1"]
[SourceVersionDate "2021.10.06"]
[SourceQuality "1"]
[WhiteTeam "Brno Lokomotiva U18"]
[BlackTeam "Liberec Desko U18"]
[WhiteTeamCountry "CZE"]
[BlackTeamCountry "CZE"]

1. d4 Nf6 2. Nf3 g6 3. c4 Bg7 4. g3 d6 5. Bg2 0-0 6. 0-0 Nbd7 7. Nc3 Re8 8. e4 e5 9. h3 c6 10. Be3 Qc7 11. Qc2 Nf8 12. Rad1 Nh5 13. Nh4 Ne6 14. Ne2 Bf6 15. Nf3 b6 16. Rd2 Bb7 17. d5 cxd5 18. cxd5 Qxc2 19. Rxc2 Nc5 20. Bxc5 bxc5 21. Nd2 Ba6 22. Nc4 Be7 23. Na5 f5 24. Re1 Bd3 25. Rd2 fxe4 26. Nc3 Bg5 27. Rdd1 Bc2 28. Ra1 e3 29. Be4 exf2+ 30. Kxf2 Rf8+ 31. Kg2 Bxe4+ 32. Nxe4 Be7 33. Nc6 Rf7 34. Rad1 Bf8 35. Rf1 Rxf1 36. Rxf1 h6 37. Rf3 Rc8 38. Ra3 Rc7 39. Rxa7 Rxa7 40. Nxa7 Kf7 41. Nc8 Ke8 42. Ncxd6+ Bxd6 43. Nxd6+ Kd7 44. Nc4 e4 45. a4 Nf6 46. d6 Kc6 47. Kf2 g5 48. Ke3 Kd5 49. Nd2 Kxd6 50. Nxe4+ Nxe4 51. Kxe4 1-0

[Event "CZE-chT U18 Extraliga Ost 1516"]
[Site "Czech Republic"]
[Date "2015.11.27"]
[Round "5.4"]
[White "Barak, David"]
[Black "Vavrinkova, Eliska"]
[Result "1-0"]
[WhiteElo "1625"]
[BlackElo "1739"]
[PlyCount "91"]
[EventDate "2015.10.03"]
[EventType "team-tourn"]
[EventRounds "11"]
[EventCountry "CZE"]
[SourceTitle "EXT 2022"]
[Source "ChessBase"]
[SourceDate "2021.10.06"]
[SourceVersion "1"]
[SourceVersionDate "2021.10.06"]
[SourceQuality "1"]
[WhiteTeam "Brno Duras U18"]
[BlackTeam "Brno Lokomotiva U18"]
[WhiteTeamCountry "CZE"]
[BlackTeamCountry "CZE"]

1. d4 d5 2. Nf3 c6 3. Bg5 Qb6 4. Qc1 Bf5 5. e3 Nd7 6. c4 e6 7. Nc3 Be7 8. Bxe7 Nxe7 9. c5 Qc7 10. Be2 0-0 11. 0-0 Rfe8 12. Qd2 Ng6 13. Bd3 Bxd3 14. Qxd3 e5 15. Qc2 e4 16. Nd2 Re6 17. b4 Ne7 18. Rfb1 Rh6 19. Nf1 f5 20. b5 Nf8 21. Qb3 Ne6 22. bxc6 bxc6 23. Qb7 Qd8 24. Rb3 a5 25. Rab1 Rc8 26. Qa6 Rf6 27. Rb6 Ra8 28. Qxa8 Qxa8 29. Rb8+ Rf8 30. Rxa8 Rxa8 31. Rb7 Kf8 32. Na4 Nd8 33. Rb2 Ke8 34. Ng3 g6 35. Ne2 g5 36. Ng3 Kf7 37. Rb3 Ne6 38. Nb6 Ra7 39. Na4 Ra8 40. Rb7 Nd8 41. Rb3 Ne6 42. Kf1 Kg6 43. Rb7 Ng8 44. Nb6 Re8 45. Nd7 Re7 46. Ne5+ 1-0

[Event "CZE-chT U18 Extraliga Ost 1516"]
[Site "Czech Republic"]
[Date "2015.10.04"]
[Round "4.4"]
[White "Vavrinkova, Eliska"]
[Black "Sramek, Vojtech"]
[Result "1/2-1/2"]
[WhiteElo "1739"]
[BlackElo "1887"]
[PlyCount "59"]
[EventDate "2015.10.03"]
[EventType "team-tourn"]
[EventRounds "11"]
[EventCountry "CZE"]
[SourceTitle "EXT 2022"]
[Source "ChessBase"]
[SourceDate "2021.10.06"]
[SourceVersion "1"]
[SourceVersionDate "2021.10.06"]
[SourceQuality "1"]
[WhiteTeam "Brno Lokomotiva U18"]
[BlackTeam "Orlova Slavia U18"]
[WhiteTeamCountry "CZE"]
[BlackTeamCountry "CZE"]

1. d4 Nf6 2. c4 c5 3. d5 b5 4. Nc3 b4 5. Nb1 g6 6. Nd2 Bg7 7. g3 d6 8. Bg2 0-0 9. e4 a5 10. f4 Bb7 11. Ngf3 a4 12. Rb1 Nbd7 13. 0-0 Re8 14. Re1 Qb6 15. e5 dxe5 16. Nxe5 Nxe5 17. fxe5 Nd7 18. e6 Ne5 19. exf7+ Nxf7 20. Re6 Nd6 21. Ne4 Qc7 22. Bf4 Red8 23. Qe2 Rd7 24. Bh3 Rf8 25. Nxd6 exd6 26. Re8 Rd8 27. Re7 Qb8 28. Re1 Bc8 29. Bxc8 Qxc8 30. b3 1/2-1/2

[Event "CZE-chT U18 Extraliga Ost 1516"]
[Site "Czech Republic"]
[Date "2015.10.03"]
[Round "1.4"]
[White "Mrkus, Frantisek"]
[Black "Vavrinkova, Eliska"]
[Result "1/2-1/2"]
[WhiteElo "1857"]
[BlackElo "1739"]
[PlyCount "82"]
[EventDate "2015.10.03"]
[EventType "team-tourn"]
[EventRounds "11"]
[EventCountry "CZE"]
[SourceTitle "EXT 2022"]
[Source "ChessBase"]
[SourceDate "2021.10.06"]
[SourceVersion "1"]
[SourceVersionDate "2021.10.06"]
[SourceQuality "1"]
[WhiteTeam "Stare Mesto U18"]
[BlackTeam "Brno Lokomotiva U18"]
[WhiteTeamCountry "CZE"]
[BlackTeamCountry "CZE"]

1. e4 d5 2. exd5 Qxd5 3. Nc3 Qd6 4. d4 c6 5. g3 Nf6 6. Bf4 Qd8 7. Bg2 Bf5 8. Qd2 e6 9. Nge2 Nbd7 10. h3 Nb6 11. 0-0 Be7 12. g4 Bg6 13. Bg3 Nc4 14. Qc1 0-0 15. a4 Nd5 16. Nxd5 exd5 17. b3 Nd6 18. Nf4 Bg5 19. Qa3 Ne4 20. Nxg6 hxg6 21. Bxe4 dxe4 22. Rad1 Re8 23. Qd6 Qxd6 24. Bxd6 e3 25. Rfe1 Re6 26. Bg3 exf2+ 27. Kxf2 Rae8 28. Re5 Bf6 29. Rxe6 Rxe6 30. d5 cxd5 31. Rxd5 Rc6 32. c4 Kf8 33. Rb5 Bd4+ 34. Kf3 b6 35. a5 Re6 36. axb6 axb6 37. Bh4 Re3+ 38. Kg2 f6 39. b4 Rc3 40. c5 bxc5 41. Rb8+ Ke7 1/2-1/2

[Event "Brno op"]
[Site "Brno"]
[Date "2015.08.24"]
[Round "3"]
[White "Vavrinkova, Anna"]
[Black "Vavrinkova, Eliska"]
[Result "0-1"]
[WhiteElo "1399"]
[BlackElo "1695"]
[PlyCount "80"]
[EventDate "2015.08.23"]
[EventType "swiss"]
[EventRounds "9"]
[EventCountry "CZE"]
[SourceTitle "EXT 2016"]
[Source "ChessBase"]
[SourceDate "2015.10.08"]
[SourceVersion "1"]
[SourceVersionDate "2015.10.08"]
[SourceQuality "1"]

1. e4 d5 2. exd5 Qxd5 3. Nc3 Qd6 4. d4 c6 5. g3 Nf6 6. Bg2 Bf5 7. Bf4 Qd8 8. Nf3 e6 9. 0-0 Bd6 10. Qd2 Qc7 11. Bxd6 Qxd6 12. Rfe1 0-0 13. Rad1 Nbd7 14. a4 Nb6 15. Ne5 Rfd8 16. b3 Rac8 17. Ne2 Qc7 18. c4 Nbd7 19. Nxd7 Rxd7 20. Nf4 Rcd8 21. Qc3 e5 22. Ne2 Be6 23. Qa1 e4 24. Nf4 Bg4 25. Rd2 Qa5 26. Qb2 Rxd4 27. b4 Rxd2 28. Qxd2 Rxd2 29. bxa5 Rd1 30. Rxd1 Bxd1 31. Kf1 Bxa4 32. Ke2 Kf8 33. Ke3 Bc2 34. Bh3 Ke7 35. Bc8 b6 36. axb6 axb6 37. Bb7 c5 38. Nd5+ Nxd5+ 39. Bxd5 Bd3 40. Bxe4 Bxe4 0-1